Too Good to be True? An Analysis of the Options Market's Reactions to Earnings Releases (pages 830–848) (Record no. 307965)
[ view plain ]
| 000 -LEADER | |
|---|---|
| fixed length control field | 00392nam a2200109Ia 4500 |
| 008 - FIXED-LENGTH DATA ELEMENTS--GENERAL INFORMATION | |
| fixed length control field | 170221s9999 xx 000 0 und d |
| 100 ## - MAIN ENTRY--PERSONAL NAME | |
| Personal name | Yan Lu |
| 245 ## - TITLE STATEMENT | |
| Title | Too Good to be True? An Analysis of the Options Market's Reactions to Earnings Releases (pages 830–848) |
| 245 ## - TITLE STATEMENT | |
| Statement of responsibility, etc | Yan Lu and Sugata Ray |
| 650 ## - SUBJECT ADDED ENTRY--TOPICAL TERM | |
| General subdivision | Business |
| 856 ## - ELECTRONIC LOCATION AND ACCESS | |
| Uniform Resource Identifier | <a href="http://onlinelibrary.wiley.com/doi/10.1111/jbfa.12214/pdf">http://onlinelibrary.wiley.com/doi/10.1111/jbfa.12214/pdf</a> |
| Withdrawn status | Lost status | Damaged status | Home library | Current library | Date acquired | Total Checkouts | Date last seen | Price effective from | Koha item type |
|---|---|---|---|---|---|---|---|---|---|
| College Library | College Library | 02/21/2017 | 02/21/2017 | 02/21/2017 | Foreign e-journal articles |